Statistiken für Slowenien-Quiz

Klicken Sie hier um das Quiz zu spielen!

Allgemein

  • Dieses Quiz wurde 1.226 mal gespielt
  • Das Durchschnittsergebnis liegt bei 14 aus 20

Antwortstatistiken

FrageAntwort% Korrekt
Länder, die an Slowenien grenzenKroatien
99%
Länder, die an Slowenien grenzenÖsterreich
99%
WährungEuro
97%
Länder, die an Slowenien grenzenItalien
97%
AmtsspracheSlowenisch
97%
HauptstadtLjubljana
96%
Länder, die an Slowenien grenzenUngarn
96%
Land, von welchem Slowenien 1991 unabhängig wurdeJugoslawien
92%
Teil des Mittelmeers, der an Slowenien grenztAdriatisches Meer
85%
Ethnie, die u.a. Slowenen, Russen und Polen umfasstSlawen
79%
Slowenisches Model, die 2017 First Lady der USA wurde{Melania} Trump
74%
Gebirge in dem sich der obige Berg befindetJulischen {Alpen}
68%
1880–1910 wanderten ca. 1/6 der Slowenen hauptsächlich in diesem Land einUSA
50%
Zweitgrößte StadtMaribor
49%
Dieses Bauwerk kann auf einer kleinen Insel im Bleder-See besucht werdenMarien{kirche}
48%
Nenne einer der drei Hauptflüsse, der Slowenien durchfliesstSave | Drau | Mur
42%
Blinde Molche, «Olme», leben in Slowenien. Wo kann man diese in der Wildnis finden?In Höhlen
39%
Höchster Berg, auf der Flagge abgebildetTriglav
29%
Ehemalige Währung (vor 2007)Tolar
21%
Westlich Slowenien, "Primorska", wird ebenfalls unter diesem Namen bekanntSlowenisches {Küsten}land
15%

Verteilung der Resultate

Perzentil nach korrekt beantworteten Fragen

Anzahl Personen mit jedem Resultat

Ihre Resultats-Entwicklung

Sie haben dieses Quiz noch nicht gespielt